| 000 | 00432nam a2200157Ia 4500 | ||
|---|---|---|---|
| 008 | 210716s2002 xx 000 0 und d | ||
| 020 | _a0130322806 | ||
| 041 | _aeng | ||
| 082 | _a658.3 MONR | ||
| 100 | _aMondy, R Wayne; Noe, Robert M; Premeaux, Shane R. | ||
| 245 | _aHuman resource management. | ||
| 250 | _a8 | ||
| 260 |
_aNew Jersey _bPrentice Hall _c2002 |
||
| 300 | _axxv,579 | ||
| 650 | _aHuman Resource Management(658.3) | ||
| 999 |
_c198341 _d198341 |
||